El secreto profesional como objeto de protección penal

Guardado en:
Detalles Bibliográficos
Autor principal: Rigo Vallbona, José (Autor)
Formato: Libro
Lenguaje:español
Publicado: Barcelona Hispano Europea 1961
Edición:1a. ed
Colección:Obras de Derecho Positivo
Materias:
Etiquetas: Agregar Etiqueta
Sin Etiquetas, Sea el primero en etiquetar este registro!

MARC

LEADER 00000cam a2200000 a 4500
001 UCC4399
003 CL-VaPUC
008 180803e19610000sp |||||||||||||||||spa|d
082 0 4 |a 364.168  |b RIG  |2 21 
100 0 |a Rigo Vallbona, José  |e author  |9 598656 
245 1 3 |a El secreto profesional como objeto de protección penal 
250 |a 1a. ed 
300 |a 310 p 
942 |c BK 
945 |d 20180803 12:44:00  |a dcastane 
260 |a Barcelona  |b Hispano Europea  |c 1961 
650 7 |a SECRETO PROFESIONAL  |2 CL-VaPUC  |9 383358 
650 0 |a Violación de secretos  |9 598657 
650 0 |a Delitos  |9 224143 
583 |a last modification  |c 20180803 12:44:00  |k Rodrigo Vera 
490 0 |a Obras de Derecho Positivo 
999 |c 371951  |d 371949 
952 |0 0  |1 0  |3 erd  |4 0  |6 364_168000000000000_RIG_1961  |7 0  |8 A  |9 489169  |a BIBDER  |b BIBDER  |e Mateluna Arestizabal, Alfredo Sergio  |i 5484812  |o 364.168 RIG 1961  |p 5484812  |r 2023-01-25  |w 2019-11-24  |y BK  |z Catalogado en:20180803  |k DER